| 000 | 00885nam a2200277 a 4500 | ||
|---|---|---|---|
| 001 | 45867 | ||
| 003 | BD-RjUL | ||
| 005 | 20211209054058.0 | ||
| 008 | 160728s1980 maua b 001 0 eng | ||
| 020 | _a0914234102 | ||
| 035 | _a(BD-RjUL)45985 | ||
| 040 |
_aDLC _cDLC _dBD-RjUL _beng |
||
| 041 | _aeng | ||
| 082 |
_223 _bCAA 1980 _a158.3 |
||
| 100 | 1 | 0 |
_aCarkhuff, Robert R. _9140273 |
| 245 | 1 | 4 |
_aThe art of helping IV / _cRobert R. Carkhuff, with Richard M. Pierce and John R. Cannon ; illustrated by Tom Capolongo |
| 260 |
_aAmherst, Mass : _bHuman Resource Development Press, _cc1980 |
||
| 300 |
_aii, 248 p. : _bill ; _c23 cm |
||
| 504 | _aBibliography: p. 235-241 | ||
| 650 | 0 |
_aHelping behavior _9140274 |
|
| 650 | 0 |
_aCounseling _9140275 |
|
| 650 | 0 |
_aPsychotherapy _9116610 |
|
| 700 | 1 |
_aPierce, Richard M. _9140276 |
|
| 700 | 1 |
_aCannon, John R. _9140277 |
|
| 942 |
_2ddc _cBK |
||
| 999 |
_c45867 _d45867 |
||